| 000 | 00577nam a2200217 a 4500 | ||
|---|---|---|---|
| 001 | BRCA_4164 | ||
| 005 | 20190320204552.0 | ||
| 008 | 060510s1967----mx-a######---#000-0#spa-# | ||
| 041 | _aspa | ||
| 044 | _amx | ||
| 050 | 4 |
_aND623.R3 _b.R34 1967 |
|
| 245 | 1 | 0 | _aRafael. |
| 260 |
_aMéxico _bCultural y Educativa _c1967 |
||
| 300 |
_a75 p. _bil. (algunas a color) _c30 cm. |
||
| 440 | 0 |
_aLos Grandes de todos los tiempos _v11 _910761 |
|
| 500 | _aC196 | ||
| 600 | 1 | 4 |
_aRaffaello Sanzio _d1483-1520 _910762 |
| 650 | 1 | 4 |
_aPintores italianos _97654 |
| 902 | _aGFM | ||
| 942 |
_2lcc _cB |
||
| 999 |
_c3880 _d3880 |
||